000 00579cam a22002171 4500
001 sa 67004069
003 DLC
005 20260227112343.0
008 790106s1965 ii a 000 0 eng
010 _asa 67004069
025 _aPL480:I-E-8123
035 _a(OCoLC)4528341
040 _aDLC
_cMH
_dDLC
042 _apremarc
050 0 0 _aDS486.M2
_bK7
100 2 _aKrishnaswami Nayudu, W. S.
245 1 0 _aOld Madras
_c[by] W. S. Krishnaswami Nayudu.
260 _a[Madras,
_bSolden]
_c1965.
300 _aiv, 87 p.
_billus.
_c18 cm.
651 0 _aChennai (India)
_xHistory.
999 _c74243
_d74243